| 000 | 01329nam a22003737a 4500 | ||
|---|---|---|---|
| 003 | OSt | ||
| 005 | 20230427121121.0 | ||
| 008 | 221006b |||||||| |||| 00| 0 eng d | ||
| 040 | _cBiblioteca Lado V | ||
| 082 |
_a704.942 _bO48e |
||
| 100 |
_9294 _aOlivares, Rosa _eeditor |
||
| 245 | _aExit/ | ||
| 260 |
_bOlivares y Asociados S.L. _aEspaña _c2001 |
||
| 300 |
_c21x26cm _a190p. |
||
| 366 | _espa | ||
| 490 |
_v2001 _a2 |
||
| 505 | _tEditorial | ||
| 505 | _tLo eterno y lo efímero | ||
| 505 | _tEl tatuaje y sus leyendas. Alberto Garcia-Alix | ||
| 505 | _tMirada frontal, mirada de púgil | ||
| 505 | _tLa inversión de la pirámide | ||
| 505 | _tEl oficio de tinieblas de Miguel Rio Branco | ||
| 505 | _tPara entrar en el cielo deberas estar tatuado | ||
| 505 | _tIndice de artistas | ||
| 650 |
_2Tesauro de Arte & Arquitectura _aARTE _9703 |
||
| 650 |
_2Tesauro de Arte & Arquitectura _aEXPOSICIONES |
||
| 650 |
_2Tesauro de Arte & Arquitectura _aCULTURA |
||
| 650 |
_2Tesauro de Arte & Arquitectura _aAPRECIACION |
||
| 650 |
_2Tesauro de Arte & Arquitectura _aTEORIA |
||
| 650 |
_2Tesauro de Arte & Arquitectura _aARQUITECTURA |
||
| 650 |
_2Tesauro de Arte & Arquitectura _aLITERATURA |
||
| 650 |
_2Tesauro de Arte & Arquitectura _aESPAÑA |
||
| 942 |
_2ddc _c1 _h704.942 _i048e _n0 |
||
| 999 |
_c3492 _d3492 |
||